000 00586nam a2200253Ia 4500
005 20251020182615.0
008 200515s9999 xx 000 0 und d
082 _aSC/693.1:55/L45
100 _aLENTZ, J.
245 0 _aManual práctico de albañilería y hormigón armado
260 _aMadrid
260 _c1968
300 _a211
650 _aALBAÑILERIA
650 _aCIMENTACIONES
650 _aCONCRETO ARMADO
650 _aCUBIERTAS
650 _aESCALERAS
650 _aMANUALES
650 _aMUROS
650 _aTABIQUES
650 _aTUBERIAS
942 _cLIB
999 _c3483
_d3483